HR na hraně zítřka
Digitalizácia a robotizácia sú témy veľmi horúce. Odborníci v Česku čakajú do dvoch rokov razantné zmeny, ktoré sa dotknú celej spoločnosti. Informácie z ostravskej konferencie Business Forum.
Saved in:
| Main Author: | |
|---|---|
| Format: | Book Chapter |
| Language: | Czech |
| Subjects: | |
| Tags: |
No Tags, Be the first to tag this record!
|
MARC
| LEADER | 00000naa a2200000 4500 | ||
|---|---|---|---|
| 001 | 0230035 | ||
| 005 | 20170512094214.8 | ||
| 041 | 0 | |a cze | |
| 044 | |a CZ | ||
| 245 | 1 | 0 | |a HR na hraně zítřka |c Barbara Čechová Hansen |
| 520 | |a Digitalizácia a robotizácia sú témy veľmi horúce. Odborníci v Česku čakajú do dvoch rokov razantné zmeny, ktoré sa dotknú celej spoločnosti. Informácie z ostravskej konferencie Business Forum. | ||
| 610 | 2 | 0 | |a digitalizácia |
| 610 | 2 | 0 | |a robotizácia |
| 610 | 2 | 0 | |a roboty |
| 610 | 2 | 0 | |a Česko |
| 100 | 1 | |a Čechová Hansen, Barbara | |